| 000 | 01135nam a22003377a 4500 | ||
|---|---|---|---|
| 003 | CHAP | ||
| 005 | 20220329140548.0 | ||
| 008 | 971013s1942 r 00010 d | ||
| 010 | _a53978 | ||
| 011 | _a54950 | ||
| 035 | _a59102 | ||
| 040 | _cCHAP | ||
| 090 | _aTesis | ||
| 100 | 0 | 0 |
_aPosadas Torres, Francisco. _991042 |
| 245 | _aReorganización del cultivo de la caña de azúcar en la región de Taretán, Edo. de Michoacán | ||
| 260 |
_aChapingo, Méx. : _bEl autor, _c1942 |
||
| 300 |
_a50 h. _b: ilus. |
||
| 500 | _ac.4 en bodega | ||
| 502 | _aTesis (Ing. Agr. Esp. en Fitotecnia) -- ENA. Departamento de Fitotecnia | ||
| 590 |
_aALEPH _b10 _c20130110 _lUCH01 _h1331 |
||
| 590 |
_aBATCH-UPD _b10 _c20130110 _lUCH01 _h0746 |
||
| 590 |
_aBATCH-UPD _b10 _c20130410 _lUCH01 _h0427 |
||
| 590 |
_aBATCH-UPD _b10 _c20130914 _lUCH01 _h0836 |
||
| 590 |
_aCONVERSION _b10 _c20130109 _lUCH01 _h1329 |
||
| 650 | 1 | 4 |
_aCaña de azúcar _xMichoacán. _918630 |
| 901 | _aBK | ||
| 942 | _cFOLL | ||
| 949 |
_bBC _cTES _d-127928 _eTS1 _i59102 _si |
||
| 949 |
_bBC _cTES _d-127929 _eTS2 _fc.2 _i59102 _si |
||
| 949 |
_bBC _cTES _d-127930 _eTS2 _fc.3 _i59102 _si |
||
| 999 |
_c53978 _d53978 |
||